| 000 -ლიდერი |
| ფიქსირებული სიგრძის საკონტროლო ველი |
00963nam a2200205Ia 4500 |
| 001 - საკონტროლო ნომერი |
| საკონტროლო ველი |
4099 |
| 003 - საკონტროლო ნომრის იდენტიფიკატორი |
| საკონტროლო ველი |
GE_BSU |
| 005 - ბოლო ოპერაციის თარიღი და დრო |
| საკონტროლო ველი |
20190925113655.0 |
| 008 - ფიქსირებული სიგრძის მონაცემთა ელემენტები - ზოგადი ინფორმაცია |
| ფიქსირებული სიგრძის საკონტროლო ველი |
181216s1969||||ge |||||||||||||| ||geo|| |
| 040 ## - კატალოგიზაციის წყარო |
| Transcribing agency |
GE_BSU |
| 041 ## - ენის კოდი |
| Language code of text/sound track or separate title |
geo |
| 080 ## - უნივერსალური ათობითი კლასიფიკაციის ინდექსი |
| Universal Decimal Classification number |
398(536.2) ა-37 |
| 245 ## - ცნობა სათაურის შესახებ |
| Title |
ათას ერთი ღამე : |
| Remainder of title |
8 ტომად. ღამე–1–45 / |
| Statement of responsibility, etc |
არაბულიდან თარგმნა და განმარტებები დაურთო ნ. ფურცელაძემ ; გ. წერეთლის რედ. და წინასიტყვ. |
| 264 ## - წარმოების, გამოცემის, დისტრიბუციის და სხვა ცნობები |
| გამოცემის, წარმოების, დისტრიბუციის... ადგილი |
თბ.: |
| გამოცემის, წარმოების, დისტრიბუციის... სახელწოდება |
საბჭ. საქართველო, |
| გამოცემის, წარმოების, დისტრიბუციის... თარიღი |
1969. |
| 300 ## - ფიზიკური აღწერა |
| Extent |
377 გვ. : |
| Other physical details |
ილ.; |
| Dimensions |
20 სმ. |
| 501 ## - შენიშვნა თანმხლებ მასალაზე |
| With note |
განმარტ.: გვ.367-76. |
| 700 ## - ADDED ENTRY--PERSONAL NAME |
| Personal name |
ფურცელაძე, ნ. |
| Relator term |
მთარგმნელი |
| 9 (RLIN) |
4311 |
| 700 ## - ADDED ENTRY--PERSONAL NAME |
| Personal name |
წერეთლი, გ. |
| Relator term |
რედაქტორი |
| 9 (RLIN) |
4312 |
| 942 ## - ADDED ENTRY ELEMENTS (KOHA) |
| Koha item type |
წიგნი |
| Source of classification or shelving scheme |
|